Poskytnutie právnej pomoci osobám v hmotnej núdzi

Systém poskytovania právnej pomoci osobám, ktoré v dôsledku svojej materiálnej núdze nemôžu využívať právne služby na riadne uplatnenie a ochranu svojich práv. Oblasti, ktoré zahŕňa právna pomoc. Posudzovanie materiálnej núdze. Konanie o nároku na poskytnutie právnej pomoci. Poskytovanie právnej pom...

Celý popis

Uložené v:
Podrobná bibliografia
Hlavný autor: Tichý, Miroslav
Médium: Kapitola
Jazyk:Slovak
Predmet:
Tagy: Pridať tag
Žiadne tagy, Buďte prvý, kto otaguje tento záznam!

MARC

LEADER 00000naa a2200000 4500
001 0246289
005 20180710105838.5
041 0 |a slo 
044 |a SK 
245 1 0 |a Poskytnutie právnej pomoci osobám v hmotnej núdzi  |c Miroslav Tichý 
520 |a Systém poskytovania právnej pomoci osobám, ktoré v dôsledku svojej materiálnej núdze nemôžu využívať právne služby na riadne uplatnenie a ochranu svojich práv. Oblasti, ktoré zahŕňa právna pomoc. Posudzovanie materiálnej núdze. Konanie o nároku na poskytnutie právnej pomoci. Poskytovanie právnej pomoci. Cezhraničné spory. 
610 2 0 |a právo 
610 2 0 |a núdza hmotná 
610 2 0 |a spory súdne 
610 2 0 |a súdy 
610 2 0 |a ochrana právna 
610 2 0 |a legislatíva 
100 1 |a Tichý, Miroslav